| 000 | 00532nam a2200169 a 4500 | ||
|---|---|---|---|
| 001 | 000026663 | ||
| 005 | 20200930030335.0 | ||
| 008 | 110324s1997 dr a 000 0 spa d | ||
| 040 |
_aDO-SdBNP _bspa _cBNPHU |
||
| 082 |
_axxx _bC566c |
||
| 100 | 1 |
_aCiaurriz, Miguel Ángel, _936580 |
|
| 245 | 1 | 0 |
_aCon la fuerza del espíritu / _cMiguel Ángel Ciaurriz. |
| 260 |
_aSanto Domingo : _bEdiciones MSC, _c1997. |
||
| 300 |
_a126 p. : _bil. ; _c22 cm. |
||
| 490 | 1 |
_aRecursos pastorales _vno. 10 |
|
| 830 | 0 |
_aRecursos pastorales _nno. 10 _953789 |
|
| 999 |
_c26155 _d26155 |
||